000 00585nam a2200181Ia 4500
008 090124s9999 xx 000 0 und d
082 _b115457
100 _aधुरी विरेंद्र ह.
245 _a सागरा ! तुझ्या आड ...
250 _a1
260 _c1974
300 _a142
600 _aधुरी विरेंद्र ह.
630 _a सागरा ! तुझ्या आड ...
700 _aधुरी विरेंद्र ह.
730 _a सागरा ! तुझ्या आड ...
942 _cBOOK
999 _c161548
_d161548